|
|
|
|
| LEADER |
00000cam a2200000 7i4500 |
| 001 |
0000023471 |
| 005 |
20080915.0 |
| 008 |
080915 |
| 020 |
|
|
|a 9832748216
|
| 090 |
0 |
0 |
|a 297
|b NUR
|
| 100 |
1 |
|
|a Nurhidayah Muhd Hashim
|
| 245 |
1 |
0 |
|a Tamadun Islam
|c Nurhidayah Muhd Hashim ; Mohamad Yusof Hasan
|
| 260 |
|
|
|a Kuala Lumpur :
|b IBook Publication ,
|c 2006
|
| 650 |
|
0 |
|a Civilization, Islamic
|
| 650 |
|
0 |
|a Islam
|
| 700 |
1 |
|
|a Mohamad Yusof Hasan
|
| 999 |
|
|
|a 0001019191
|b Book
|c Adult Collection
|e Perbadanan Perpustakaan Awam Johor
|
| 999 |
|
|
|a 0001021122
|b Book
|c Adult Collection
|e Perbadanan Perpustakaan Awam Johor
|
| 999 |
|
|
|a 0001021123
|b Book
|c Adult Collection
|e Perbadanan Perpustakaan Awam Johor
|
| 999 |
|
|
|a 0001021124
|b Book
|c Adult Collection
|e Perbadanan Perpustakaan Awam Johor
|
| 999 |
|
|
|a 0001021125
|b Book
|c Adult Collection
|e Perbadanan Perpustakaan Awam Johor
|